| 000 | 01110nam2a22002411 4500 | ||
|---|---|---|---|
| 001 | rc\584397 | ||
| 005 | 20250621231302.0 | ||
| 010 |
_a5-280-00813-3 _9200000 |
||
| 035 | _a(NLR Aleph) 005970955 | ||
| 090 |
_a6934959 _c6934959 |
||
| 100 | _a20031121d1989 |||y0rusy50 ca | ||
| 101 | 0 | _arus | |
| 102 | _aRU | ||
| 105 | _ay ||||||||| | ||
| 200 | 1 |
_aВсе люди - враги _eРоман _f[Пер. О. Ефимовской] |
|
| 210 |
_d1989 _aБ. м. |
||
| 215 |
_a495 с. _d21 |
||
| 461 | 0 |
_1001rc\584394 _12001#$aСобрание сочинений$eПер. с англ.$eВ 4 т.$fРичард Олдингтон$gРедкол.: Т. Кудрявцева и др.$g[Сост., вступ. ст., с. 5-24, М. Урнова]$vТ. 3 _1700#1$aОлдингтон$bР.$gРичард$f1892-1962 _96934931 _aОлдингтон, Р. (1892-1962) _cМ. _d1988- _fРичард Олдингтон _nХудож. лит. _oПер. с англ. : В 4 т. _tСобрание сочинений _y5280003107 _vТ. 3 |
|
| 801 | 0 |
_aRU _bNLR _gpsbo |
|
| 801 | 1 |
_aRU _bELAR _2rusmarc |
|
| 852 |
_aNLR _j88-3/2723 |
||
| 942 | _cBOOK | ||
| 980 | _aNB | ||